00654nam a2200181Ia 4500003000400000008004100004020001500045040001600060082001700076100002000093245008600113260005300199300002100252650003900273650005100312650005100363650005800414GCL140319s9999 xx 000 0 eng d a0684811235 aGCL / cGCL04a320.973bD W1 aDARMAN, RICHARD10aWHO'S IN CONTROL ? : bPOLAR POLITICS AND THE SENSIBLE CENTER / cDARMAN, RICHARD a[S.N] : bSIMON AND SCHUSTER MACMILLAN ، c1996 a22 CM ؛ c384 P04aRIGHT AND LEFT - POLITICAL SCIENCE04aUNITED STATES - POLITICS AND GOVERNMENT - 199304aUNITED STATES - POLITICS AND GOVERNMENT - 198904aUNITED STATES - POLITICS AND GOVERNMENT - 1989 - 1993